000 01919nam0a2200385 4500
001 RU\NLR\bibl\377503
005 20250622152351.0
010 _a5-85907-276-7
_910000
021 _aRU
_b2003-2363
_9105
035 _a(NLR Aleph) 000371952
090 _a401294
_c401294
100 _a20030304d2002 |||y0rusy50 ca
101 0 _arus
102 _aRU
105 _aa |||||||||
200 1 _aАвтомобили семейства ВАЗ-2107
_eРук. по техн. обслуживанию и ремонту
_eС рекомендациями журн. "За рулем"
_f[К. Б. Пятков и др.]
205 _a2-е изд., перераб. и доп.
210 _aМ.
_cЗа рулем
_d2002
215 _a254, [2] с.
_cил.
_d29
606 0 _aАвтомобили ВАЗ "Жигули"
_jРуководства, пособия и т.п.
_xРемонт
_91047842
_3RU\NLR\auth\6686503
606 0 _a"Жигули", легковые автомобили
_jРуководства, пособия и т.п.
_xРемонт
_92083200
_3RU\NLR\auth\661259250
606 0 _aАвтомобили ВАЗ "Жигули"
_jРуководства, пособия и т.п.
_xТехническое обслуживание
_92065767
_3RU\NLR\auth\661240303
606 0 _a"Жигули", легковые автомобили
_jРуководства, пособия и т.п.
_xТехническое обслуживание
_92121661
_3RU\NLR\auth\661281086
675 _a629.33.083
_v3
_zrus
686 _a55.43
_2rugasnti
686 _a39.33-08
_2rubbk
686 _aО335.52-08я7"Жигули"
702 1 _aПятков
_bК. Б.
_gКонстантин Борисович
_4220
801 0 _aRU
_bRKP
_c20030304
_gPSBO
801 1 _aRU
_bRKP
_c20030304
801 2 _aRU
_bNLR
_c20030328
_grcr
942 _cBOOK
980 _aNB